The influence of national culture on changes in R&D expenses among agrochemical firms

Behaviorálna teória firiem predpokladá, že náklady a investície do budúcnosti firiem sú subjektom zmeny spôsobenej spätnou väzbou výkonnosti. Štúdia vychádza z týchto predpokladov a rozširuje ich o zváženie možného efektu národných kultúr na povahu spätnej väzby výkonnosti. Výsledky štúdie podporujú...

Descrizione completa

Salvato in:
Dettagli Bibliografici
Autore principale: Jirásek, Michal
Natura: Capitolo di libro
Lingua:inglese
Soggetti:
Tags: Aggiungi Tag
Nessun Tag, puoi essere il primo ad aggiungerne!!

MARC

LEADER 00000naa a2200000 4500
001 0239249
005 20220805075055.9
041 0 |a eng 
044 |a CZ 
245 1 0 |a The influence of national culture on changes in R&D expenses among agrochemical firms  |c Michal Jirasek 
520 |a Behaviorálna teória firiem predpokladá, že náklady a investície do budúcnosti firiem sú subjektom zmeny spôsobenej spätnou väzbou výkonnosti. Štúdia vychádza z týchto predpokladov a rozširuje ich o zváženie možného efektu národných kultúr na povahu spätnej väzby výkonnosti. Výsledky štúdie podporujú danú úvahu. 
610 2 0 |a behaviorizmus 
610 2 0 |a rozvoj podniku 
610 2 0 |a rozvoj investičný 
610 2 0 |a väzba spätná 
610 2 0 |a výkonnosť podniku 
610 2 0 |a rozdiely regionálne 
610 2 0 |a kultúra 
610 2 0 |a poľnohospodárstvo 
610 2 0 |a chémia 
100 1 |a Jirásek, Michal